[Event "Carlos Torre Memorial op 21st"]
[Site "Merida"]
[Date "2008.12.16"]
[Round "5"]
[White "Ordaz Valdes, Lisandra Teresa"]
[Black "Mercado Garcia, Francisco"]
[Result "1-0"]
[WhiteElo "2306"]
[BlackElo "2147"]
[PlyCount "47"]
[EventDate "2008.12.13"]
[EventType "swiss"]
[EventRounds "9"]
[EventCountry "MEX"]
[SourceTitle "CBM 127 Extra"]
[Source "ChessBase"]
[SourceDate "2009.01.08"]
[SourceVersion "2"]
[SourceVersionDate "2009.01.28"]
[SourceQuality "1"]

1. d4 Nf6 2. c4 c5 3. d5 e6 4. Nc3 exd5 5. cxd5 d6 6. e4 g6 7. Nf3 Bg7 8. Nd2 0-0 9. Be2 Re8 10. 0-0 Na6 11. Re1 Bd7 12. Bf1 Rb8 13. a4 Nb4 14. Nc4 Ng4 15. h3 Nxf2 16. Kxf2 Bd4+ 17. Be3 Qf6+ 18. Kg1 Bxc3 19. bxc3 Qxc3 20. Rc1 Qf6 21. Nxd6 Qxd6 22. Bxc5 Qg3 23. Bxb4 Bxh3 24. Rc3 1-0

[Event "MEX-ch op 52nd "]
[Site "Mexico City"]
[Date "2006.04.14"]
[Round "5"]
[White "Carreras Mendiolea, Paulina Adriana"]
[Black "Mercado Garcia, Francisco"]
[Result "1-0"]
[WhiteElo "1935"]
[BlackElo "2240"]
[PlyCount "67"]
[EventDate "2006.04.11"]
[EventType "swiss"]
[EventRounds "9"]
[EventCountry "MEX"]
[SourceTitle "EXT 2007"]
[Source "ChessBase"]
[SourceDate "2006.11.23"]
[SourceVersion "1"]
[SourceVersionDate "2006.11.23"]
[SourceQuality "1"]

1. e4 c5 2. Nf3 Nc6 3. d4 cxd4 4. Nxd4 Nf6 5. Nc3 e5 6. Ndb5 d6 7. Nd5 Nxd5 8. exd5 Nb8 9. Be3 a6 10. Nc3 f5 11. f4 Nd7 12. Qd2 b5 13. a3 Bb7 14. Be2 Be7 15. 0-0-0 Bf6 16. Rhf1 e4 17. g4 Rc8 18. Bd4 0-0 19. gxf5 e3 20. Qxe3 Re8 21. Bxf6 Qxf6 22. Qd2 Nb6 23. Bh5 Rf8 24. Rg1 Rc4 25. Be2 Rc5 26. Ne4 Qxf5 27. Nxc5 dxc5 28. Bg4 Qxf4 29. Be6+ Kh8 30. Qxf4 Rxf4 31. Rgf1 g5 32. Rxf4 gxf4 33. d6 f3 34. d7 1-0